000 01916cam a22005054i 4500
003 PE-LiUPU
005 20250731165448.0
008 150623s r 000 0 d
035 _a(Sirsi) a20405
035 _a(Sirsi) a20405
040 _aPE-LiUPU
_bspa
_cPE-LiUPU
_erda
082 0 4 _a220.77
_bBA
_221
100 1 _aDybdahl, Jon L.,
_eautor.
245 1 0 _aHosea-Micah; A call to radical reform.
_n28 /
_cJon L Dybdahl.
264 1 _aBoise, Idaho :
_bPacific press publishing association,
_c1996.
300 _a224 páginas ;
_c24 cm.
336 _atext
_2rdacontent
337 _aunmediated
_2rdamedia
338 _avolume
_2rdacarrier
490 0 _aThe abundant life bible amplifier ;
_v28
504 _aIncluye bibliografía.
505 0 _aHosea: The anguish of steadfast love. -Joel: Facing the day of the lord. -Amos: Judment on injustice, perversion, and pride. -Obadiah: Arrogant edom falls. -Jonah: God`s missionary heart. -Micah: Gloom, yet greater glory.
526 _aSEG44
526 _aSEG26
526 _aP151
526 _aP150
526 _aP149
526 _aP146
526 _aP145
526 _aP126
526 _aP125
526 _aP92
526 _aP75
526 _aP74
526 _aP27
526 _aP15
630 _aBiblia.
_pA.T.
_pOseas
_xComentarios.
630 _aBiblia.
_pA.T.
_pMiqueas
_xComentarios.
942 _2ddc
_cBOOK
949 _aRC 220.77 BA 28
_wDEWEY
_c1
_i43890
_lRC
_mBUL
_r0
_sY
_tBOOK
_u2015-6-24
_xTEOLOGIA
_PP35
_0COMPRA
_o.CIRCNOTE. No olvidar cambiar la fecha de devolución!!!!!!!
_o.STAFF. Colección General
994 _aC0
_bPEPRU
596 _a1
999 _aRC 220.77 BA 28
_wDEWEY
_c20429
_i43890
_d20429
_f2021-11-8
_g6
_lCCODEBUL1
_mBUL
_q2
_r1
_sY
_tBOOK
_u2015-6-24
_xTEOLOGIA
_PP35
_0COMPRA
_o.CIRCNOTE. No olvidar cambiar la fecha de devolución!!!!!!!
_o.STAFF. Colección General
980 _81
_gALBERTO SANCHEZ Responsable de Automatización